Library Banner

Your mouth : (Record no. 97916)

MARC details
000 -LEADER
fixed length control field 00525nam a22002057a 4500
005 - DATE AND TIME OF LATEST TRANSACTION
control field 20170907100650.0
008 - FIXED-LENGTH DATA ELEMENTS--GENERAL INFORMATION
fixed length control field 170907b xxu||||| |||| 00| 0 eng d
020 ## - INTERNATIONAL STANDARD BOOK NUMBER
International Standard Book Number 9780986937002
040 ## - CATALOGING SOURCE
Transcribing agency PK-LaUMT
082 ## - DEWEY DECIMAL CLASSIFICATION NUMBER
Classification number 613
Item number COL-Y
100 ## - MAIN ENTRY--PERSONAL NAME
Personal name Colson, Dana G.
245 ## - TITLE STATEMENT
Title Your mouth :
Remainder of title the gateway to a healthier you :
Statement of responsibility, etc Dana G. Colson
260 ## - PUBLICATION, DISTRIBUTION, ETC. (IMPRINT)
Place of publication, distribution, etc Toronto :
Name of publisher, distributor, etc DJC Corp.,
Date of publication, distribution, etc 2011
300 ## - PHYSICAL DESCRIPTION
Extent 208 p.
650 ## - SUBJECT ADDED ENTRY--TOPICAL TERM
Topical term or geographic name as entry element Mouth-Care and hygiene
650 ## - SUBJECT ADDED ENTRY--TOPICAL TERM
Topical term or geographic name as entry element Yoga
650 ## - SUBJECT ADDED ENTRY--TOPICAL TERM
Topical term or geographic name as entry element Longevity
650 ## - SUBJECT ADDED ENTRY--TOPICAL TERM
Topical term or geographic name as entry element Health
942 ## - ADDED ENTRY ELEMENTS (KOHA)
Koha item type Books
Holdings
Withdrawn status Lost status Damaged status Home library Current library Date acquired Full call number Barcode Date last seen Price effective from Koha item type
      UMT Main Campus UMT Main Campus 2017-09-07 613 COL-Y 113985 2023-02-21 2017-09-07 Books